000 01217nam a2200337 a 4500
001 vtls000196256
003 NLI
005 20210602113031.0
008 101125s1954 enk 000 j eng
020 _cPND 1.50
039 9 _y201011252323
_zVLOAD
040 0 _aNLI
_beng
_cVERGIS-2010
_eAACR2
041 1 _aeng
_hyid
044 _aenk
082 0 4 _a838.99
100 1 _aSinger, Isaac Bashevis,
_d1904-1991
_9374450
240 1 0 _aGimpl tam un andere dertseylungen .
_lEnglish
245 1 0 _aGimpel the fool and other stories /
_cIsaac Bashevis Simger ; translated [from the Yiddish] by Saul Bellow
260 _aLondon :
_bPeter Owen,
_cc1954
300 _a205 p. ;
_c21 cm.
500 _aTranslation of: Gimpl tam un andere dertseylungen
650 0 _aShort stories, Yiddish
_vTranslations into English
_9374451
650 0 _aJews
_xSocial life and customs
_xFiction
_9109199
700 1 _aBellow, Saul,
_4trl
_9107224
887 _a
901 _a324385
_b10.12.1958
902 _aE 838.99 Si 64
942 _2ddc
_cBKS
949 _AVIRTUAITEM
_D10000
_X100
_6PUR000324385ENG
999 _aVIRTUA40
_c200070
_d200070
999 _aVTLSSORT0080*0200*0400*0410*0440*0820*1000*2400*2450*2600*3000*5000*6500*6501*7000*9010*9020*9490*9991